[Event "Chigorin Memorial"]
[Site "St Petersburg"]
[Date "2016.10.18"]
[Round "4.136"]
[White "Myshkovskiy, Sviatoslav"]
[Black "Kuznetsov, Mikhail"]
[Result "1-0"]
[WhiteElo "2093"]
[BlackElo "1801"]
[PlyCount "73"]
[EventDate "2016.10.15"]
[EventType "swiss"]
[EventRounds "9"]
[EventCountry "RUS"]

1. d4 Nf6 2. Bf4 d5 3. e3 e6 4. Nf3 c5 5. Be2 Nc6 6. c3 Bd6 7. Bg3 O-O 8. O-O
b6 9. Nbd2 Bb7 10. Ne5 Ne7 11. Bd3 Rc8 12. f4 Nf5 13. Qf3 Be7 14. Bf2 Nd6 15.
Bh4 Nfe4 16. Bxe7 Qxe7 17. Rad1 cxd4 18. exd4 b5 19. Rfe1 f5 20. Qe2 a6 21. g3
Rc7 22. Ndf3 Re8 23. a4 Nc4 24. Ra1 b4 25. cxb4 Qxb4 26. Nxc4 dxc4 27. Bxe4
Bxe4 28. Ng5 Bd5 29. Nxh7 c3 30. bxc3 Rxc3 31. Ng5 Qxd4+ 32. Qf2 Qc4 33. Rad1
Rc8 34. Qa7 Kh8 35. Rxd5 exd5 36. Ne6 Rg8 37. Qf7 1-0

[Event "Chigorin Memorial"]
[Site "St Petersburg"]
[Date "2016.10.18"]
[Round "4.137"]
[White "Atovmian, Artem"]
[Black "Aseev, Vladimir"]
[Result "0-1"]
[WhiteElo "1823"]
[BlackElo "2087"]
[PlyCount "96"]
[EventDate "2016.10.15"]
[EventType "swiss"]
[EventRounds "9"]
[EventCountry "RUS"]

1. e4 c5 2. Nf3 Nc6 3. Bb5 e6 4. O-O Nge7 5. Re1 a6 6. Bf1 d5 7. exd5 Nxd5 8.
c4 Nf6 9. b3 Be7 10. Bb2 b6 11. a3 Bb7 12. Qc2 O-O 13. Bd3 h6 14. Nc3 Qd7 15.
Ne2 Rfd8 16. Nc1 Qc7 17. h3 Rd7 18. Qd1 Rad8 19. Bb1 b5 20. Qc2 Na5 21. Be5 Qb6
22. Qc3 Bxf3 23. Qxf3 bxc4 24. b4 cxb4 25. axb4 Nc6 26. Bc3 Nxb4 27. Qg3 Nbd5
28. Ba5 Qb2 29. Bxd8 Qxa1 30. Bxe7 Qxb1 31. Bxf6 Nxf6 32. Qc3 Qb5 33. Re5 Rd5
34. Re3 a5 35. Rg3 Rg5 36. Rxg5 hxg5 37. Qd4 Qd5 38. Ne2 Qxd4 39. Nxd4 Ne4 40.
Kf1 Nxd2+ 41. Ke2 Nb3 42. Nc6 Kf8 43. Ne5 Nd4+ 44. Ke3 Nf5+ 45. Kd2 Nd6 46. f3
f6 47. Nd7+ Ke7 48. Nc5 f5 0-1

[Event "Chigorin Memorial"]
[Site "St Petersburg"]
[Date "2016.10.18"]
[Round "4.138"]
[White "Nasibullin, Iskander"]
[Black "Seregina, Maria"]
[Result "1-0"]
[WhiteElo "2085"]
[BlackElo "1797"]
[PlyCount "53"]
[EventDate "2016.10.15"]
[EventType "swiss"]
[EventRounds "9"]
[EventCountry "RUS"]

1. e4 c6 2. c4 d5 3. exd5 cxd5 4. cxd5 Nf6 5. Nc3 Nxd5 6. Nf3 Nxc3 7. bxc3 Nc6
8. d4 e6 9. Bd3 Be7 10. O-O Bf6 11. Ba3 Ne7 12. Nd2 Nd5 13. Ne4 Be7 14. c4 Nb6
15. Bxe7 Qxe7 16. c5 Nd5 17. Nd6+ Kf8 18. Bc4 g6 19. Qf3 Nf6 20. Rab1 Kg7 21.
Rfe1 Qc7 22. Nxc8 Qxc8 23. Rxb7 Re8 24. g4 h6 25. h4 g5 26. hxg5 hxg5 27. Re5
1-0

[Event "Chigorin Memorial"]
[Site "St Petersburg"]
[Date "2016.10.18"]
[Round "4.139"]
[White "Dmitriev, Vladimir"]
[Black "Levi, Netanel"]
[Result "1-0"]
[WhiteElo "2081"]
[BlackElo "1789"]
[PlyCount "73"]
[EventDate "2016.10.15"]
[EventType "swiss"]
[EventRounds "9"]
[EventCountry "RUS"]

1. e4 c5 2. Nc3 e6 3. g3 d5 4. Bg2 Nf6 5. e5 Nfd7 6. f4 Nc6 7. Nf3 a6 8. a4 Rb8
9. O-O Be7 10. d3 b5 11. axb5 axb5 12. h4 b4 13. Na4 Nb6 14. Kh2 Nxa4 15. Rxa4
f6 16. exf6 Bxf6 17. Ne5 Bxe5 18. fxe5 Nxe5 19. Bf4 O-O 20. Bxe5 Rxf1 21. Bxf1
Rb7 22. Ra8 Rf7 23. Bh3 Qd7 24. Qg4 Re7 25. Qg5 h6 26. Qg6 c4 27. Bxg7 Rxg7 28.
Bxe6+ Kf8 29. Qf5+ Rf7 30. Bxd7 b3 31. Rxc8+ Kg7 32. Qg4+ Kf6 33. Qe6+ Kg7 34.
Qe5+ Rf6 35. Rf8 Kxf8 36. Qxf6+ Kg8 37. Be6+ 1-0

[Event "Chigorin Memorial"]
[Site "St Petersburg"]
[Date "2016.10.18"]
[Round "4.140"]
[White "Mushak, Alexander"]
[Black "Lavrinovitsh, Denis"]
[Result "0-1"]
[WhiteElo "1818"]
[BlackElo "2081"]
[PlyCount "64"]
[EventDate "2016.10.15"]
[EventType "swiss"]
[EventRounds "9"]
[EventCountry "RUS"]

1. e4 e6 2. d4 d5 3. exd5 exd5 4. Nf3 Bg4 5. Be2 Bd6 6. Bg5 Ne7 7. Bxe7 Qxe7 8.
O-O O-O 9. h3 Bh5 10. Re1 Qf6 11. Qd2 Re8 12. Nc3 c6 13. Nh2 Bxe2 14. Rxe2 Rxe2
15. Nxe2 Bxh2+ 16. Kxh2 Qxf2 17. Qd3 Nd7 18. Ng3 Re8 19. Rf1 Qe3 20. Qf5 Qe6
21. Qf4 Nf6 22. Nf5 Ne4 23. Qc7 Rf8 24. Qxb7 Nd2 25. Rf4 Qe1 26. Ng3 Qe3 27.
Rg4 Qf2 28. Kh1 Re8 29. Rxg7+ Kxg7 30. Nh5+ Kh8 31. Qb4 Re1+ 32. Kh2 Nf3# 0-1

[Event "Chigorin Memorial"]
[Site "St Petersburg"]
[Date "2016.10.18"]
[Round "4.141"]
[White "Slugin, Yaroslav"]
[Black "Shadunts, Kirill"]
[Result "1/2-1/2"]
[WhiteElo "2081"]
[BlackElo "1787"]
[PlyCount "124"]
[EventDate "2016.10.15"]
[EventType "swiss"]
[EventRounds "9"]
[EventCountry "RUS"]

1. d4 d5 2. Nf3 Nf6 3. c3 c5 4. Bf4 Nc6 5. e3 Qb6 6. Qc1 Bf5 7. Nbd2 e6 8. Be2
Be7 9. O-O O-O 10. Ne5 Nxe5 11. Bxe5 Ne4 12. f3 Nxd2 13. Qxd2 Bd6 14. Bxd6 Qxd6
15. g4 Bg6 16. Kg2 f5 17. f4 Be8 18. g5 Bc6 19. Rf3 Rac8 20. Qe1 Rc7 21. Qh4 b5
22. Rh3 g6 23. Qf2 a5 24. Rh6 b4 25. h4 Rg7 26. Rh1 Be8 27. h5 c4 28. hxg6 hxg6
29. Rh8+ Kf7 30. R8h7 Rfg8 31. R1h6 Rxh7 32. Rxh7+ Rg7 33. Qh4 Qf8 34. Rh6 bxc3
35. bxc3 Qa3 36. Rxg6 Rxg6 37. Qh7+ Kf8 38. Bh5 Qxa2+ 39. Kg3 Qd2 40. Bxg6
Qxe3+ 41. Kg2 Qe4+ 42. Kg3 Qe1+ 43. Kg2 Qe2+ 44. Kg1 Qg4+ 45. Kh1 Qf3+ 46. Kg1
Qg3+ 47. Kh1 Qe1+ 48. Kg2 Qe2+ 49. Kg1 Qg4+ 50. Kh1 Qf3+ 51. Kg1 Qg3+ 52. Kh1
Bxg6 53. Qxg6 Qh4+ 54. Kg2 Qg4+ 55. Kh1 Qf3+ 56. Kg1 Qd1+ 57. Kg2 Qd2+ 58. Kg1
Qe3+ 59. Kg2 a4 60. Qf6+ Ke8 61. Qg6+ Ke7 62. Qg7+ Ke8 1/2-1/2

[Event "Chigorin Memorial"]
[Site "St Petersburg"]
[Date "2016.10.18"]
[Round "4.142"]
[White "Matchenya, Ivan"]
[Black "Bimiev, Ahmad"]
[Result "1-0"]
[WhiteElo "1812"]
[BlackElo "2076"]
[PlyCount "39"]
[EventDate "2016.10.15"]
[EventType "swiss"]
[EventRounds "9"]
[EventCountry "RUS"]

1. e4 c5 2. Nc3 a6 3. f4 b5 4. d4 cxd4 5. Qxd4 Nc6 6. Qf2 g6 7. Be3 Bg7 8. Bb6
Bd4 9. Bxd4 Nxd4 10. Qxd4 Nf6 11. e5 Nh5 12. g4 Ng7 13. Bg2 Ne6 14. Qe3 Rb8 15.
O-O-O Qa5 16. Kb1 O-O 17. Nd5 Qd8 18. f5 Ng7 19. f6 exf6 20. Nxf6+ 1-0

[Event "Chigorin Memorial"]
[Site "St Petersburg"]
[Date "2016.10.18"]
[Round "4.143"]
[White "Kamnev, Alexander"]
[Black "Ismagilov, Igor"]
[Result "1/2-1/2"]
[WhiteElo "2073"]
[BlackElo "1775"]
[PlyCount "102"]
[EventDate "2016.10.15"]
[EventType "swiss"]
[EventRounds "9"]
[EventCountry "RUS"]

1. e4 c5 2. Nf3 Nc6 3. c4 g6 4. Be2 Bg7 5. O-O d6 6. Nc3 Bd7 7. h3 Nd4 8. d3 e6
9. Bf4 Bc6 10. Nxd4 cxd4 11. Nb1 e5 12. Bg3 g5 13. Nd2 Ne7 14. b4 b6 15. b5 Bd7
16. Bg4 Ng6 17. Bxd7+ Qxd7 18. Qg4 Qxg4 19. hxg4 h5 20. f3 Nf8 21. a4 Ne6 22.
a5 Kd7 23. gxh5 Nc5 24. Ra3 Rab8 25. Kf2 Rxh5 26. Ke2 Rbh8 27. Nb3 Nxb3 28.
Rxb3 Rh1 29. Ra3 Rxf1 30. Kxf1 Rb8 31. axb6 axb6 32. Ra7+ Ke6 33. Be1 Bf6 34.
Kf2 Bd8 35. Kg3 f6 36. Kg4 Be7 37. g3 Rh8 38. f4 Rh1 39. f5+ Kf7 40. Bb4 Ke8
41. Kf3 Rb1 42. Ba3 Rd1 43. Ke2 Rg1 44. Ra6 Bd8 45. Bxd6 Rxg3 46. c5 bxc5 47.
Bxc5 Rg2+ 48. Kd1 Rb2 49. Bb6 Be7 50. Ra8+ Kd7 51. Ra7+ Ke8 1/2-1/2

[Event "Chigorin Memorial"]
[Site "St Petersburg"]
[Date "2016.10.18"]
[Round "4.144"]
[White "Maksimovich, Sergey"]
[Black "Fukson, Sofija"]
[Result "0-1"]
[WhiteElo "1797"]
[BlackElo "2069"]
[PlyCount "194"]
[EventDate "2016.10.15"]
[EventType "swiss"]
[EventRounds "9"]
[EventCountry "RUS"]

1. e4 e6 2. d4 d5 3. Nd2 Nf6 4. e5 Nfd7 5. Bd3 c5 6. c3 b6 7. Ne2 cxd4 8. cxd4
Ba6 9. Bxa6 Nxa6 10. a3 b5 11. b4 Nb6 12. Nf4 Nc4 13. Qg4 Qb6 14. Nf3 g6 15.
O-O Be7 16. Be3 h6 17. Rfc1 Nc7 18. Ne1 a5 19. Ned3 h5 20. Qd1 a4 21. Qf3 O-O-O
22. Nc5 Qc6 23. Nfd3 Rdf8 24. Qg3 Ne8 25. Bg5 Bxg5 26. Qxg5 Ng7 27. Nf4 Nf5 28.
Ne2 Kc7 29. h4 Qe8 30. g3 Qd8 31. Qxd8+ Rxd8 32. Rd1 Rdg8 33. f4 Re8 34. Kf2
Rhf8 35. Ng1 Nce3 36. Rd3 Nc4 37. Nf3 Kd8 38. Ra2 Ke7 39. Ng5 Rc8 40. Re2 Rc6
41. Nf3 Rfc8 42. Rc2 Nb6 43. Rdc3 Nc4 44. Rd3 Ng7 45. Rdc3 Ne8 46. Ne1 f6 47.
Nf3 f5 48. Ke2 Nc7 49. Ne1 Na6 50. Nxa6 Rxa6 51. Nd3 Rac6 52. Nc5 R8c7 53. Nd3
Nxe5 54. Rxc6 Rxc6 55. Rxc6 Nxc6 56. Ke3 Kd6 57. Ne1 Ne7 58. Nd3 Nc8 59. Ne1
Nb6 60. Nc2 Nc4+ 61. Kd3 Kc6 62. Kc3 Nd6 63. Ne1 Ne4+ 64. Kd3 Nxg3 65. Nf3 Ne4
66. Ne5+ Kc7 67. Nxg6 Nf2+ 68. Ke2 Ne4 69. Kd3 Nf2+ 70. Ke2 Ng4 71. Kf3 Nf6 72.
Ke3 Kd7 73. Ne5+ Kc7 74. Ng6 Ne8 75. Nf8 Kd6 76. Nh7 Ke7 77. Ng5 Nd6 78. Nf3
Nc4+ 79. Kd3 Nxa3 80. Kc3 Nc4 81. Nh2 a3 82. Kb3 Ne3 83. Kxa3 Nc2+ 84. Kb3
Nxd4+ 85. Kb2 Ne2 86. Nf3 Nxf4 87. Nd4 Ng6 88. Nxb5 Nxh4 89. Nd4 Ng6 90. b5 Ne5
91. Kc3 Kd6 92. b6 Nd7 93. b7 f4 94. Nb5+ Kc5 95. Nd4 e5 96. Nf3 Kb6 97. Kb4
Kxb7 0-1

[Event "Chigorin Memorial"]
[Site "St Petersburg"]
[Date "2016.10.18"]
[Round "4.145"]
[White "Gorbatenko, Alexander"]
[Black "Tsao, Yui"]
[Result "0-1"]
[WhiteElo "2067"]
[BlackElo "1768"]
[PlyCount "60"]
[EventDate "2016.10.15"]
[EventType "swiss"]
[EventRounds "9"]
[EventCountry "RUS"]

1. d4 Nf6 2. c4 e6 3. Nc3 d5 4. cxd5 exd5 5. Bg5 Be7 6. e3 O-O 7. Bd3 Re8 8.
Qc2 Nbd7 9. Nf3 c6 10. O-O h6 11. Bh4 Ne4 12. Bxe7 Qxe7 13. Bxe4 dxe4 14. Nd2
Nf6 15. Rfc1 Bf5 16. Rab1 Rad8 17. b4 Nd5 18. Nxd5 Rxd5 19. Qa4 a6 20. Rc5 Red8
21. Rbc1 Qg5 22. Qd1 R8d6 23. Rxd5 cxd5 24. Qf1 Rg6 25. Kh1 Bg4 26. g3 Rb6 27.
a3 Qf5 28. Rc5 h5 29. Nc4 Qf3+ 30. Kg1 dxc4 0-1

[Event "Chigorin Memorial"]
[Site "St Petersburg"]
[Date "2016.10.18"]
[Round "4.146"]
[White "Valov, Vasilii"]
[Black "Volkov, Roman"]
[Result "0-1"]
[WhiteElo "1779"]
[BlackElo "2067"]
[PlyCount "42"]
[EventDate "2016.10.15"]
[EventType "swiss"]
[EventRounds "9"]
[EventCountry "RUS"]

1. e4 e5 2. Nf3 Nc6 3. c3 d5 4. Qa4 f6 5. Bb5 Nge7 6. exd5 Qxd5 7. O-O e4 8.
Bc4 Qa5 9. Qxa5 Nxa5 10. Bb5+ c6 11. b4 cxb5 12. Nd4 Nc4 13. Nxb5 Kd8 14. N1a3
Nxa3 15. Bxa3 Nc6 16. c4 Nxb4 17. Bxb4 Bxb4 18. Rfe1 a6 19. Nd4 Re8 20. Re2 Bg4
21. Re3 Bc5 0-1

[Event "Chigorin Memorial"]
[Site "St Petersburg"]
[Date "2016.10.18"]
[Round "4.147"]
[White "Pogorelskikh, Sofia"]
[Black "Tsapalin, Sergey"]
[Result "0-1"]
[WhiteElo "1717"]
[BlackElo "2060"]
[PlyCount "78"]
[EventDate "2016.10.15"]
[EventType "swiss"]
[EventRounds "9"]
[EventCountry "RUS"]

1. e4 c5 2. Nf3 Nc6 3. d4 cxd4 4. Nxd4 e5 5. Nb5 d6 6. N1c3 a6 7. Na3 b5 8. Nd5
Nce7 9. c4 Nxd5 10. exd5 bxc4 11. Nxc4 Nf6 12. Be3 Rb8 13. Be2 Be7 14. a4 O-O
15. O-O Rb4 16. Bd2 Nxd5 17. Bxb4 Nxb4 18. a5 f6 19. Nb6 Be6 20. Bc4 d5 21. Bb3
Bc5 22. Qd2 Qd6 23. Ra4 e4 24. Nxd5 e3 25. fxe3 Nxd5 26. Re4 Rd8 27. Rd1 Bf7
28. Bxd5 Bxd5 29. Rg4 Qe6 30. Rg3 h5 31. Qc3 Bd6 32. Rh3 Qe4 33. Qd2 Be6 34.
Rxh5 Bxh2+ 35. Kxh2 Rxd2 36. Rxd2 Qxe3 37. Rd8+ Kf7 38. Rhh8 Qe5+ 39. Kg1 Bd5
0-1

[Event "Chigorin Memorial"]
[Site "St Petersburg"]
[Date "2016.10.18"]
[Round "4.148"]
[White "Yanko, Ivan"]
[Black "Shkuratov, Vladimir"]
[Result "1-0"]
[WhiteElo "2060"]
[BlackElo "1681"]
[PlyCount "59"]
[EventDate "2016.10.15"]
[EventType "swiss"]
[EventRounds "9"]
[EventCountry "RUS"]

1. e4 c5 2. Nf3 e6 3. d4 cxd4 4. Nxd4 Nc6 5. Be3 Nf6 6. Nc3 Bb4 7. Nxc6 bxc6 8.
a3 Be7 9. e5 Nd5 10. Nxd5 cxd5 11. Qg4 g6 12. Bd3 d6 13. f4 h5 14. Qe2 Qc7 15.
O-O Bb7 16. Bd4 Rh7 17. Rf3 Kd7 18. Bb5+ Bc6 19. Rc3 Rc8 20. Rxc6 Qxc6 21.
Bxc6+ Rxc6 22. Qb5 dxe5 23. Bxe5 f6 24. Qb7+ Kd8 25. Qxc6 fxe5 26. Qxe6 exf4
27. Qg8+ Kd7 28. Qxh7 Ke6 29. Re1+ Kf5 30. Qxe7 1-0

[Event "Chigorin Memorial"]
[Site "St Petersburg"]
[Date "2016.10.18"]
[Round "4.149"]
[White "Kulagin, Sergey"]
[Black "Pavlov, Mikhail"]
[Result "1-0"]
[WhiteElo "2054"]
[BlackElo "1645"]
[PlyCount "27"]
[EventDate "2016.10.15"]
[EventType "swiss"]
[EventRounds "9"]
[EventCountry "RUS"]

1. e4 c6 2. d4 d5 3. Nd2 dxe4 4. Nxe4 Bf5 5. Ng3 Bg6 6. h4 h6 7. Nh3 e6 8. Nf4
Bh7 9. Bc4 Qc7 10. c3 Bd6 11. Qg4 Kf8 12. O-O Nf6 13. Qf3 Nd5 14. Nxe6+ 1-0

[Event "Chigorin Memorial"]
[Site "St Petersburg"]
[Date "2016.10.18"]
[Round "4.150"]
[White "Zubova, Mariya"]
[Black "Smorodkin, Kirill"]
[Result "1-0"]
[WhiteElo "2051"]
[BlackElo "1627"]
[PlyCount "103"]
[EventDate "2016.10.15"]
[EventType "swiss"]
[EventRounds "9"]
[EventCountry "RUS"]

1. e4 e5 2. Nf3 Nc6 3. Bb5 a6 4. Ba4 d6 5. c3 Bd7 6. O-O g6 7. d4 Bg7 8. dxe5
Nxe5 9. Nxe5 dxe5 10. Bb3 Nf6 11. f3 Bb5 12. c4 Qxd1 13. Rxd1 Bc6 14. Nc3 O-O
15. Be3 Rfd8 16. Nd5 Bxd5 17. cxd5 Ne8 18. Rac1 Rac8 19. g4 Nd6 20. a4 Bf6 21.
g5 Bg7 22. Rc3 Bf8 23. Rdc1 Ne8 24. Bc4 Bd6 25. Bf1 Rb8 26. Rb3 Be7 27. Rc2 b5
28. axb5 axb5 29. Rxb5 Rxb5 30. Bxb5 Bd6 31. Bd2 Rb8 32. Ba4 Ra8 33. Bc6 Ra1+
34. Rc1 Rxc1+ 35. Bxc1 Bc5+ 36. Kf1 Nd6 37. Ke2 Kg7 38. Kd3 f5 39. gxf6+ Kxf6
40. Bd2 Bg1 41. h3 Bb6 42. Bc3 g5 43. Bd7 h6 44. Bb4 Nb7 45. Bg4 Nc5+ 46. Kc4
Nb7 47. Kb5 Nd8 48. d6 Kf7 49. Bc5 Bxc5 50. dxc7 Nb7 51. c8=Q Nd6+ 52. Kxc5 1-0

[Event "Chigorin Memorial"]
[Site "St Petersburg"]
[Date "2016.10.18"]
[Round "4.151"]
[White "Sokolov, Ilia"]
[Black "Sinitsina, Anastassia"]
[Result "0-1"]
[WhiteElo "1762"]
[BlackElo "2047"]
[PlyCount "120"]
[EventDate "2016.10.15"]
[EventType "swiss"]
[EventRounds "9"]
[EventCountry "RUS"]

1. Nf3 c5 2. g3 Nf6 3. Bg2 g6 4. O-O Bg7 5. c4 O-O 6. Nc3 d5 7. cxd5 Nxd5 8.
Qb3 Nc7 9. d3 Nc6 10. Qc4 b6 11. Qh4 Bb7 12. Bh6 e6 13. Qxd8 Raxd8 14. Bxg7
Kxg7 15. Ne5 Nd5 16. Nxc6 Bxc6 17. Nxd5 exd5 18. Rfc1 Bb5 19. a4 Ba6 20. a5 Bb5
21. axb6 axb6 22. Ra7 Rfe8 23. Bf3 c4 24. d4 Rd6 25. Rca1 Bd7 26. Rb7 g5 27. e3
b5 28. Raa7 Rd8 29. Kg2 Be8 30. Bh5 R6d7 31. Bf3 Rxb7 32. Rxb7 Kf8 33. g4 Bc6
34. Rb6 Rd6 35. Kg3 Ke7 36. h4 h6 37. Rb8 Rd8 38. Rxd8 Kxd8 39. Bd1 b4 40. Bc2
Kc7 41. hxg5 hxg5 42. f3 Kb6 43. Kf2 Ka5 44. Ke2 b3 45. Bf5 Kb4 46. Kd2 c3+ 47.
bxc3+ Ka3 48. f4 gxf4 49. exf4 Ka2 50. g5 b2 51. g6 fxg6 52. Bxg6 Be8 53. Bd3
b1=Q 54. Bxb1+ Kxb1 55. f5 Kb2 56. Kd3 Kb3 57. Kd2 Bf7 58. Kd3 Bg8 59. Kd2 Bh7
60. f6 Bg6 0-1

[Event "Chigorin Memorial"]
[Site "St Petersburg"]
[Date "2016.10.18"]
[Round "4.152"]
[White "Altshul, Raffael"]
[Black "Babotin, Ivan"]
[Result "1-0"]
[WhiteElo "2044"]
[BlackElo "1465"]
[PlyCount "151"]
[EventDate "2016.10.15"]
[EventType "swiss"]
[EventRounds "9"]
[EventCountry "RUS"]

1. d4 d5 2. c4 e6 3. Nc3 Bb4 4. Nf3 Nc6 5. e3 Nf6 6. a3 Bxc3+ 7. bxc3 O-O 8.
Bd3 Bd7 9. O-O Re8 10. cxd5 exd5 11. h3 Ne4 12. c4 Bf5 13. cxd5 Qxd5 14. Rb1
Nc3 15. Qc2 Bxd3 16. Qxd3 Nxb1 17. Qxb1 b6 18. Bb2 Qe4 19. Qc1 Rac8 20. Nd2 Qg6
21. e4 Na5 22. f4 c5 23. f5 Qh6 24. d5 c4 25. Qc3 Nb3 26. Nxb3 cxb3 27. Qd4 f6
28. d6 Rcd8 29. Qd5+ Kh8 30. Rf3 Qh4 31. e5 fxe5 32. Re3 e4 33. Kh2 Qf4+ 34.
Rg3 Rd7 35. Qb5 Red8 36. Be5 Qf2 37. Rxb3 Qc5 38. f6 Qxb5 39. fxg7+ Kg8 40.
Rxb5 Rxd6 41. Bxd6 Rxd6 42. Re5 Kxg7 43. Re7+ Kg6 44. Rxa7 Re6 45. Kg1 e3 46.
Kf1 e2+ 47. Ke1 h6 48. Rd7 Kh5 49. Rd4 Kg5 50. Rg4+ Kf5 51. Rb4 Kg5 52. a4 h5
53. g3 Kg6 54. Rb5 Kh6 55. Rb2 Rg6 56. Rb3 Re6 57. Rd3 Kg7 58. Rb3 Kh7 59. Rb5
Kh6 60. h4 Kg6 61. Rg5+ Kh6 62. Rb5 Kg6 63. Rb4 Kh6 64. Rb2 Rg6 65. Kxe2 Rxg3
66. Rxb6+ Kg7 67. Rb4 Ra3 68. Rf4 Kg6 69. Kd2 Kg7 70. Kc2 Kg6 71. Kb2 Re3 72.
a5 Re2+ 73. Kb3 Re6 74. Kb4 Rd6 75. Kc5 Re6 76. Ra4 1-0

[Event "Chigorin Memorial"]
[Site "St Petersburg"]
[Date "2016.10.18"]
[Round "4.153"]
[White "Akhmetshin, Aydar"]
[Black "Muhtarov, Leonid"]
[Result "0-1"]
[WhiteElo "1517"]
[BlackElo "2044"]
[PlyCount "70"]
[EventDate "2016.10.15"]
[EventType "swiss"]
[EventRounds "9"]
[EventCountry "RUS"]

1. e4 c5 2. Nf3 Nc6 3. d4 cxd4 4. Nxd4 Nf6 5. Nc3 d6 6. Bg5 e6 7. Qd2 Be7 8.
O-O-O O-O 9. f3 a6 10. h4 Nxd4 11. Qxd4 Qa5 12. Bc4 Rd8 13. Bb3 b5 14. Qf2 Bd7
15. Be3 Rab8 16. Kb1 Qc7 17. g4 a5 18. g5 Nh5 19. f4 a4 20. Nd5 exd5 21. Bxd5
Bc6 22. f5 Bxd5 23. Rxd5 g6 24. Bd4 Bf8 25. Bf6 Re8 26. Qf3 b4 27. Rh2 b3 28.
cxb3 axb3 29. a3 Nxf6 30. gxf6 Bh6 31. Rd1 d5 32. Rg2 dxe4 33. Qg4 Rbc8 34.
Rgg1 Qc2+ 35. Ka1 Bc1 0-1

[Event "Chigorin Memorial"]
[Site "St Petersburg"]
[Date "2016.10.18"]
[Round "4.155"]
[White "Zakharov, Yuri"]
[Black "Korobitsyn, Daniil"]
[Result "1/2-1/2"]
[WhiteElo "1689"]
[BlackElo "2028"]
[PlyCount "92"]
[EventDate "2016.10.15"]
[EventType "swiss"]
[EventRounds "9"]
[EventCountry "RUS"]

1. Nf3 f5 2. d4 Nf6 3. c3 e6 4. g3 b6 5. Bg2 Bb7 6. O-O Be7 7. Qb3 O-O 8. Bg5
Kh8 9. Nbd2 Ne4 10. Nxe4 Bxe4 11. Bxe7 Qxe7 12. Nh4 Bxg2 13. Nxg2 d6 14. Nf4
Rf6 15. e3 Nd7 16. Qa4 c5 17. f3 g5 18. Nd3 e5 19. d5 e4 20. fxe4 Qxe4 21. Qxe4
fxe4 22. Nf2 Re8 23. Ng4 Rxf1+ 24. Rxf1 Kg7 25. c4 a6 26. h4 gxh4 27. gxh4 h5
28. Nf2 Nf6 29. Kg2 b5 30. Rc1 bxc4 31. Rxc4 Nxd5 32. Rxe4 Rxe4 33. Nxe4 Nxe3+
34. Kf3 Nf5 35. Kf4 Kg6 36. b3 a5 37. a3 Nd4 38. Nxd6 Nxb3 39. Nc4 Kf6 40. Ke4
Ke6 41. a4 Kf6 42. Kf4 Nc1 43. Ke4 Ne2 44. Nxa5 Nc3+ 45. Kf4 Nxa4 46. Nc4 Nc3
1/2-1/2

[Event "Chigorin Memorial"]
[Site "St Petersburg"]
[Date "2016.10.18"]
[Round "4.157"]
[White "Moskaleva, Arina"]
[Black "Sergeeva, Natalia"]
[Result "0-1"]
[WhiteElo "1479"]
[BlackElo "2013"]
[PlyCount "78"]
[EventDate "2016.10.15"]
[EventType "swiss"]
[EventRounds "9"]
[EventCountry "RUS"]

1. c4 Nf6 2. Nc3 c5 3. Nf3 g6 4. e3 Bg7 5. d4 O-O 6. Be2 cxd4 7. exd4 d5 8. Bf4
a6 9. O-O Nbd7 10. c5 Re8 11. Rc1 Nh5 12. Nxd5 Nxf4 13. Nxf4 Bh6 14. Qd2 Nf6
15. Rcd1 Nd5 16. g3 Nxf4 17. gxf4 Qd5 18. Qe3 Bg4 19. Rfe1 Qxa2 20. Ne5 Bxe2
21. Rxe2 Qd5 22. Qg3 Rac8 23. Ree1 Rcd8 24. f5 Bg7 25. fxg6 fxg6 26. Nf3 Rf8
27. Ng5 Bxd4 28. Rxd4 Qxd4 29. Ne6 Qd2 30. Rf1 Rf5 31. Nxd8 Rg5 32. Nxb7 Rxg3+
33. hxg3 Qxb2 34. c6 Qc2 35. Nd8 a5 36. Re1 e5 37. Rxe5 Qd1+ 38. Kg2 Qxd8 39.
Rxa5 Qxa5 0-1

[Event "Chigorin Memorial"]
[Site "St Petersburg"]
[Date "2016.10.18"]
[Round "4.159"]
[White "Kurbanov, Sergey"]
[Black "Basyrov, Eduard"]
[Result "0-1"]
[WhiteElo "1198"]
[BlackElo "2001"]
[PlyCount "94"]
[EventDate "2016.10.15"]
[EventType "swiss"]
[EventRounds "9"]
[EventCountry "RUS"]

1. e4 c5 2. Nc3 Nc6 3. g3 g6 4. Bg2 Bg7 5. f4 d6 6. d3 Nf6 7. Nf3 O-O 8. O-O
Qb6 9. Kh1 Nd4 10. Nxd4 cxd4 11. Na4 Qa5 12. b3 Bg4 13. Bf3 Bxf3+ 14. Rxf3 Qh5
15. Rf1 Ng4 16. Qe2 Rac8 17. Bb2 b5 18. f5 bxa4 19. b4 Ne3 20. Qxh5 gxh5 21. f6
Bxf6 22. Rf2 Rxc2 23. Rxc2 Nxc2 24. Rc1 Nxb4 25. Rc4 Nxd3 26. Bxd4 Bxd4 27.
Rxd4 Nc5 28. e5 Rb8 29. exd6 exd6 30. Rxd6 Rb1+ 31. Kg2 Rb2+ 32. Kh3 Rxa2 33.
Rd5 Ne4 34. Rxh5 a3 35. Ra5 Ra1 36. Rxa7 a2 37. Ra3 Nc3 38. Rxc3 Rb1 39. Rc8+
Kg7 40. Ra8 a1=Q 41. Rxa1 Rxa1 42. Kg4 Kg6 43. h4 h5+ 44. Kh3 Ra2 45. g4 Ra3+
46. Kg2 hxg4 47. h5+ Kxh5 0-1

[Event "Chigorin Memorial"]
[Site "St Petersburg"]
[Date "2016.10.18"]
[Round "4.160"]
[White "Peev, Kosta"]
[Black "Nuritdinov, Nizomiddin"]
[Result "0-1"]
[WhiteElo "2108"]
[BlackElo "1865"]
[PlyCount "76"]
[EventDate "2016.10.15"]
[EventType "swiss"]
[EventRounds "9"]
[EventCountry "RUS"]

1. d4 d5 2. Nf3 Nf6 3. e3 e6 4. Bd3 c5 5. b3 Nc6 6. Bb2 a6 7. O-O Nb4 8. Be2 b5
9. dxc5 Bxc5 10. c3 Nc6 11. b4 Bd6 12. a4 Rb8 13. Na3 bxa4 14. Qxa4 Qb6 15. Nd4
Bd7 16. Nxc6 Bxc6 17. Qxa6 Ne4 18. Nc2 Qc7 19. g3 O-O 20. Nd4 Bb7 21. Qd3 Be5
22. f3 Bxg3 23. fxe4 Bxh2+ 24. Kh1 dxe4 25. Qd2 Be5 26. c4 Qe7 27. Rf2 Rbd8 28.
Kg1 f5 29. c5 Bxd4 30. exd4 f4 31. Qc2 f3 32. c6 Qg5+ 33. Kh1 fxe2 34. Qxe2
Bxc6 35. Kh2 Qh4+ 36. Kg1 e3 37. Rxf8+ Rxf8 38. Qh2 Qg4+ 0-1

[Event "Chigorin Memorial"]
[Site "St Petersburg"]
[Date "2016.10.18"]
[Round "4.161"]
[White "Zaika, Daniil"]
[Black "Rudikov, Dmitry"]
[Result "1-0"]
[WhiteElo "2038"]
[BlackElo "1823"]
[PlyCount "63"]
[EventDate "2016.10.15"]
[EventType "swiss"]
[EventRounds "9"]
[EventCountry "RUS"]

1. d4 d5 2. c4 e6 3. Nf3 c6 4. e3 Nf6 5. Nbd2 Nbd7 6. Bd3 dxc4 7. Nxc4 b5 8.
Nce5 Nxe5 9. Nxe5 Bb7 10. Bd2 Bd6 11. Nf3 O-O 12. O-O c5 13. Bxb5 cxd4 14. Nxd4
Qb8 15. Nc6 Qc8 16. Rc1 Bxc6 17. Bxc6 Rb8 18. Bf3 Qa6 19. Rc6 Rb6 20. Rxb6 Qxb6
21. Bc3 Rd8 22. Qa4 Qc7 23. Ba5 Qd7 24. Bc6 Bxh2+ 25. Kxh2 Qd6+ 26. Kg1 Rc8 27.
Rd1 Qc5 28. Bc3 h6 29. Bxf6 gxf6 30. Bf3 Kg7 31. Qd4 Qa5 32. b4 1-0

[Event "Chigorin Memorial"]
[Site "St Petersburg"]
[Date "2016.10.18"]
[Round "4.162"]
[White "Kopasov, Evgeny"]
[Black "Vorobyova, Ekaterina"]
[Result "1-0"]
[WhiteElo "1993"]
[BlackElo "1668"]
[PlyCount "79"]
[EventDate "2016.10.15"]
[EventType "swiss"]
[EventRounds "9"]
[EventCountry "RUS"]

1. d4 d5 2. Bf4 Nf6 3. e3 e6 4. Nd2 c5 5. c3 Nc6 6. Ngf3 Qb6 7. Rb1 cxd4 8.
exd4 Be7 9. Bd3 O-O 10. O-O Nh5 11. Bg5 Qd8 12. Bxe7 Qxe7 13. Ne5 Nf4 14. Bc2
f6 15. Nd3 Ng6 16. f4 Bd7 17. Nf3 Rae8 18. Qd2 e5 19. fxe5 fxe5 20. dxe5 Ncxe5
21. Ndxe5 Nxe5 22. Qxd5+ Nf7 23. Rbe1 Qd8 24. Qxb7 Rxe1 25. Rxe1 Bg4 26. Qe4
Qb6+ 27. Kh1 Qg6 28. Qxg6 hxg6 29. Bxg6 Nd8 30. Be4 Be6 31. b3 a5 32. Ng5 Bd7
33. Bd5+ Kh8 34. Kg1 Rf5 35. Rd1 Rxg5 36. Bf3 Nf7 37. Rxd7 Ne5 38. Rd8+ Kh7 39.
Be4+ Ng6 40. Rd6 1-0